=LDR 00000nam 2200000 4500 =001 000503 =005 20250710102554 =035 ##$$a 0010-0725000365 =007 ta =008 250710################a##########0#ind## =020 ##$$a 978-623-118-790-1 =082 ##$$a 398.209 598 =084 ##$$a 398.209 598 SAB m =100 #$$a Sabir =245 1#$$a Mawar, Melati, Semuanya Indah /$c Sabir =250 ##$$a Cetakan Pertama =260 ##$$a Jakarta :$b Kementerian Pendidikan, Kebudayaan, Riset, dan Teknologi,$c 2024 =300 ##$$a 36 hlm. : $b ilus. ; $c 29,7 cm =650 #4$$a Cerita Anak-Indonesia =650 #4$$a Cerita Bergambar =856 ##$$a TBM As Suhada =990 ##$$a TBM02560256